000 00342nam a2200133Ia 4500
008 240624s9999 xx 000 0 und d
041 _aeng
082 _a823 WEL
100 _aWELSH IRVINE
245 _aCRIME WELCOME TO A WORLD OF INNOCENCE AN
260 _c2009
_aLondon
_bVintage Books
300 _a343 : p. : cm. ; 17
365 _cBPS
_b20
999 _c13618
_d13618